Guess The Kendrick Song by the First Line - Statistics

General Stats
  • This quiz has been taken 18 times
  • The average score is 6 of 15
Answer Stats
Hint Answer % Correct
"I got a bone to pick" King Kunta
75%
"Why God, Why God, do I gotta suffer?" FEAR.
69%
"Martin had a dream" Backseat Freestyle
63%
"Loving you is complicated" u
63%
"I hope you find some piece of mind in this lifetime." United in Grief
63%
"Mass hallucination baby, Ill education baby." Good Kid
50%
"I met her at this House Party on El Segundo and Central." Sherane aka M.S.D.
44%
"I feel like a chip on my shoulders." FEEL.
38%
"I need some water, something came over me." LUST.
38%
"Tippy Toeing and I'm mud walking" Purple Hearts
31%
"Smoke Good, Eat Good, Live Good." Poe Mans Dreams
19%
"Study Long, Study wrong n***a" You Ain't Gotta Lie
19%
"What's your life about? Enlighten me." Ab-Soul's Outro
13%
"Smoking out, pouring up, keep that lean in my cup." Blow My High
13%
"The pressures taking over me is beginning to loom." Mirror
13%
No matching quizzes found
Score Distribution
Percent of People with Each Score
Percentile by Number Answered
Your Score History
You have not taken this quiz